Record Goalscorers - Austria - Statistics

General Stats
  • This quiz has been taken 55 times
    5 since last reset
  • The average score is 3 of 10
Answer Stats
Goals Games played Answer % Correct
47 132 Marko Arnautovic
100%
25 97 Marcel Sabitzer
60%
26 103 Andreas Herzog
40%
34 69 Hans Krankl
40%
44 95 Toni Polster
40%
28 70 Marc Janko
20%
26 42 Matthias Sindelar
20%
27 28 Anton Schall
0%
28 37 Erich Hof
0%
29 46 Johann Horvath
0%
No matching quizzes found
Score Distribution
Percent of People with Each Score
Percentile by Number Answered
Your Score History
You have not taken this quiz since the last reset